| 000 | 00000nam##2200000za#4500 |
| 001 | 9.603343 |
| 003 | CaOODSP |
| 005 | 20210624211030 |
| 007 | cr ||||||||||| |
| 008 | 150406|2004||||xxc|||||o f|0| 0 fre|d |
| 040 | |aCaOODSP|bfre |
| 043 | |an-cn--- |
| 086 | 1 |aBT31-4/77-2004F-PDF |
| 110 | 1 |aCanada. |bConseil du trésor. |
| 245 | 10|aBureau de la sécurité des transports du Canada - rapport ministériel sur le rendement pour la période se terminant le 31 mars 2004 |h[ressource électronique] |
| 260 | |aOttawa - Ontario : |bSecrétariat du Conseil du Trésor du Canada |c[2004]. |
| 300 | |a64p.|bfigure, graphiques, tableaux |
| 490 | 1 |aRapport sur le rendement pour la période se terminant le 31 mars 2004 |vpour la période se terminant le 31 mars 2004 |
| 590 | |a12-05-Supp|b2012-03-02 |
| 775 | 08|tTransportation Safety Board of Canada, departmental performance report for the period ending March 31, 2004 |w(CaOODSP)9.573120 |
| 776 | 0#|tTransportation Safety Board of Canada |w(CaOODSP)9.540016 |
| 776 | 0#|tBureau de la sécurité des transports du Canada |w(CaOODSP)9.540017 |
| 830 | #0|aRapport sur le rendement pour la période se terminant le 31 mars 2004 ;|vpour la période se terminant le 31 mars 2004|w(CaOODSP)9.502660 |
| 856 | 40|ahttp://publications.gc.ca|qPDF|s449 Ko|uhttps://publications.gc.ca/collections/collection_2012/sct-tbs/BT31-4-77-2004-fra.pdf|ypour la période se terminant le 31 mars 2004 |